Cima da Conegliano (Record n. 91189)

Dettagli MARC
000 -LEADER
fixed length control field 01352nam a2200289Ia 4500
001 - CONTROL NUMBER
control field H9234
003 - CONTROL NUMBER IDENTIFIER
control field IT-RoPAU
008 - FIXED-LENGTH DATA ELEMENTS--GENERAL INFORMATION
fixed length control field 130308s9999 xx 000 0 und d
040 ## - CATALOGING SOURCE
Original cataloging agency IT-RoPAU
040 ## - CATALOGING SOURCE
Transcribing agency IT-RoPAU
041 ## - LANGUAGE CODE
Language code of text/sound track or separate title ITALIANO
100 ## - MAIN ENTRY--PERSONAL NAME
Personal name Menegazzi Luigi
100 ## - MAIN ENTRY--PERSONAL NAME
Miscellaneous information Codice Aut. SPICS: 3868
245 ## - TITLE STATEMENT
Title Cima da Conegliano
245 ## - TITLE STATEMENT
Remainder of title Cima da Conegliano
250 ## - EDITION STATEMENT
Edition statement 1a ed.
260 ## - PUBLICATION, DISTRIBUTION, ETC. (IMPRINT)
Place of publication, distribution, etc. TREVISO
260 ## - PUBLICATION, DISTRIBUTION, ETC. (IMPRINT)
Name of publisher, distributor, etc. Edizioni Canova
260 ## - PUBLICATION, DISTRIBUTION, ETC. (IMPRINT)
Date of publication, distribution, etc. 1981 [1° Ed.:1981 - Ed.Ling.Originale:1981]
300 ## - PHYSICAL DESCRIPTION
Extent "350 p. (prefazione: no ; testo: 350 [pagine: 0-0])"
500 ## - GENERAL NOTE
General note "Vita e Opere. Disegni. fortuna Critica. Catalogo: Opere Documentate e Attribuite; Altre Opere Attribuite; Disegni Attribuiti; Altri Disegni Attribuiti. Bibliografia. 225 Illustrazioni in bianco e Nero e 20 tavole a Colori. Giovanni Battista cima da Conegliano Pur senza Essere una Figura di Primissimo piano Occupa a Venezia un Posto di Grande rilievo Accanto Ai Poittori Come Giovanni Bellini e I Vivarini. La Sua Personalità è Indagata dal Menegazzi in Base Alle Occasioni Fornite Dalla mostra del 1962 a Treviso, Attraverso la Piu' Attenta Rilettura di Tutte le Opere a Lui Attribuite e delle Fonti Bibliografiche."
650 ## - SUBJECT ADDED ENTRY--TOPICAL TERM
Topical term or geographic name as entry element AUTORI/OPERE DI PITTURA
650 ## - SUBJECT ADDED ENTRY--TOPICAL TERM
Relator term Codice materia Spics: 5207
942 ## - ADDED ENTRY ELEMENTS (KOHA)
Koha item type LIBRO
957 ## -
-- 1
999 ## - SYSTEM CONTROL NUMBERS (KOHA)
-- 1
Dati di copia
Withdrawn status Lost status Damaged status Not for loan Home library Current library Date acquired Total Checkouts Full call number Date last seen Price effective from Koha item type Public note
    Buone Condizioni Not For Loan SPICS-MEDIATECA SPICS-MEDIATECA 08/03/2013   H9234 08/03/2013 08/03/2013 LIBRO Progressivo inserimento: 24040 / N. Volumi: 1 Copie: 1 / data import: 1 marzo 2013 - By Epidotti, Trombetti, Vaglietti.
CREDITS: SOCIETA' SAN PAOLO Via A.Severo, 58 - ROMA (RM) & PERIODICI SAN PAOLO SRL Via Giotto, 36 MILANO & CISF Via Giotto, 36 MILANO & EDIZIONI SAN PAOLO SRL,  Piazza Soncino, 5 CINISELLO BALSAMO (MI) -- ITALY